000
00366nam a22001577a 4500
003
MPLRDC
005
20220104142637.0
008
210129b ||||| |||| 00| 0 eng d
082
_a
967 BT
100
_a
班徒编著
245
_a
室内装修技艺
_c
260
_a
_b
香港万里书店
_c
1973
300
_b
平
650
_a
室内设计
942
_c
BK
_o
967 BT
999
_c
32538
_d
32528